Cessioni più costose - Serie A - Statistics

Statistiche generali
  • Questo quiz è stato fatto 132 volte
  • Il punteggio medio è 20 su 21
Statistiche sulle risposte
Costo (M €) Da A Nazione Anno Calciatore % Corretto
90 Napoli Juventus Argentina 2016 Gonzalo Higuaín
100%
113 Inter Chelsea Belgio 2021 Romelu Lukaku
100%
68 Inter Paris Saint-Germain Marocco 2021 Achraf Hakimi
98%
81,60 Fiorentina Juventus Serbia 2022 Dušan Vlahović
98%
64,50 Napoli Paris Saint-Germain Uruguay 2013 Edinson Cavani
98%
105 Juventus Manchester United Francia 2016 Paul Pogba
98%
65 Juventus Manchester City Portogallo 2019 João Cancelo
97%
77,50 Juventus Real Madrid Francia 2001 Zinédine Zidane
97%
65,50 Inter Barcellona Svezia 2009 Zlatan Ibrahimović
96%
52,88 Parma Juventus Italia 2001 Gianluigi Buffon
95%
57 Napoli Chelsea Brasile/Italia 2018 Jorginho
95%
67 Milan Real Madrid Brasile 2009 Kakà
95%
67 Juventus Bayern Monaco Paesi Bassi 2022 Matthijs de Ligt
95%
45 Lazio Juventus Repubblica Ceca 2001 Pavel Nedvěd
95%
62,50 Roma Liverpool Brasile 2018 Alisson
94%
60 Juventus Barcellona Bosnia/Lussemburgo 2020 Miralem Pjanic
94%
45 Inter Real Madrid Brasile 2002 Ronaldo
94%
50 Inter Paris Saint-Germain Argentina 2020 Mauro Icardi
87%
56,81 Parma Lazio Argentina 2000 Hernán Crespo
86%
50 Atalanta Tottenham Argentina 2022 Cristian Romero
85%
46,48 Lazio Inter Italia 1999 Christian Vieri
73%
Nessun quiz corrispondente trovato
Distribuzione punteggi
Percentuale di utenti per punteggio
Percentile per numero di risposta
I tuoi punteggi nel tempo
Non hai fatto questo quiz